Introducción a la Economía: Una guía para todos -o casi-
Na minha lista:
| Principais autores: | , |
|---|---|
| Formato: | Livro |
| Idioma: | espanhol |
| Publicado em: |
Barcelona
Crítica
1989
|
| Edição: | 4a. ed |
| coleção: | <Las >Ideas
|
| Assuntos: | |
| Tags: |
Adicionar Tag
Sem tags, seja o primeiro a adicionar uma tag!
|
MARC
| LEADER | 00000nam a2200000 a 4500 | ||
|---|---|---|---|
| 001 | UCH4060 | ||
| 003 | CL-VaPUC | ||
| 008 | 090818e19890000SP |||||||||||||||||spa|d | ||
| 020 | |a 8474230985 | ||
| 082 | 0 | 4 | |a 330.1 |b GAL |2 21 |
| 100 | |a Galbraith, John Kenneth |e author |9 591930 | ||
| 700 | 0 | |a Salinger, Nicole |e author |9 539512 | |
| 245 | 1 | 0 | |a Introducción a la Economía: Una guía para todos -o casi- |
| 250 | |a 4a. ed | ||
| 300 | |a 234 p | ||
| 942 | |c BK | ||
| 945 | |d 20090818 00:00:00 |a ccalabra | ||
| 260 | |a Barcelona |b Crítica |c 1989 | ||
| 650 | 7 | |a SISTEMAS ECONOMICOS |2 CL-VaPUC |9 539513 | |
| 650 | 0 | |a Ciencias sociales |9 256351 | |
| 650 | 0 | |a Moneda |9 342365 | |
| 650 | 0 | |a Mercado de capitales |9 330596 | |
| 650 | 0 | |a Política monetaria |9 258279 | |
| 650 | 0 | |a Política fiscal |9 317354 | |
| 650 | 0 | |a Microeconomía |9 258126 | |
| 650 | 0 | |a Macroeconomía |9 260301 | |
| 583 | |a last modification |c 20090818 00:00:00 |k Rodrigo Vera | ||
| 490 | 0 | |a <Las >Ideas | |
| 999 | |c 335414 |d 335412 | ||